Manuel de linguistique pour les textes littéraires (notice n° 1567253)

détails MARC
000 -LEADER
fixed length control field 01027cam a2200133 4500500
005 - DATE AND TIME OF LATEST TRANSACTION
control field 20251214002632.0
041 ## - LANGUAGE CODE
Language code of text/sound track or separate title fre
042 ## - AUTHENTICATION CODE
Authentication code dc
100 10 - MAIN ENTRY--PERSONAL NAME
Personal name Maingueneau, Dominique
Relator term author
245 00 - TITLE STATEMENT
Title Manuel de linguistique pour les textes littéraires
260 ## - PUBLICATION, DISTRIBUTION, ETC.
Name of publisher, distributor, etc. Armand Colin,<br/>
Date of publication, distribution, etc. 2020.<br/>
520 ## - SUMMARY, ETC.
Summary, etc. Ce livre est une nouvelle version, modifiée en de nombreux points, d’un ouvrage paru en 2010. Son objectif est resté le même  : fournir aux étudiants de littérature un manuel complet proposant à la fois les notions linguistique et la méthodologie indispensables à l'étude linguistique des textes. Il prend pour fil directeur diverses problématiques des théories de l'énonciation et des courants pragmatiques, avec une véritable volonté pédagogique. De nombreux exemples d’analyse permettent de se familiariser avec la mise en œuvre des concepts exposés.
856 41 - ELECTRONIC LOCATION AND ACCESS
Uniform Resource Identifier <a href="https://shs.cairn.info/manuel-de-linguistique-pour-les-textes-litteraires--9782200625955?lang=fr&redirect-ssocas=7080">https://shs.cairn.info/manuel-de-linguistique-pour-les-textes-litteraires--9782200625955?lang=fr&redirect-ssocas=7080</a>

Pas d'exemplaire disponible.

PLUDOC

PLUDOC est la plateforme unique et centralisée de gestion des bibliothèques physiques et numériques de Guinée administré par le CEDUST. Elle est la plus grande base de données de ressources documentaires pour les Étudiants, Enseignants chercheurs et Chercheurs de Guinée.

Adresse

627 919 101/664 919 101

25 boulevard du commerce
Kaloum, Conakry, Guinée

Réseaux sociaux

Powered by Netsen Group @ 2025